| 000 | 00658cam a2200205 4500500 | ||
|---|---|---|---|
| 005 | 20260405000833.0 | ||
| 041 | _afre | ||
| 042 | _adc | ||
| 100 | 1 | 0 |
_aLegros, Martin _eauthor |
| 245 | 0 | 0 | _aClaude Lefort : « C’est une nouvelle fragilité de la démocratie que l’on observe ! » |
| 260 | _c2009. | ||
| 500 | _a13 | ||
| 690 | _aDémocratie | ||
| 690 | _aÉgalité | ||
| 690 | _aInégalité | ||
| 690 | _aMorale | ||
| 690 | _aPrivilèges | ||
| 786 | 0 | _nPhilosophie magazine | 33 | 10 | 2009-10-01 | p. 18-18 | 1951-1787 | |
| 856 | 4 | 1 | _uhttps://shs.cairn.info/magazine-philosophie-magazine-2009-10-page-18?lang=fr&redirect-ssocas=7080 |
| 999 |
_c2041256 _d2041256 |
||